Robert Downey Jr. Movies Quiz Stats

 Plays Quiz Updated Jan 1, 2021

Support Sporcle.
Go Orange.
Score 0/71 Timer 10:00
0 Plays Today
Year Movie % Correct
2008Iron Man
96.1%
2012The Avengers
92.3%
2013Iron Man 3
91%
2019Avengers: Endgame
90.4%
2018Avengers: Infinity War
88.5%
2015Avengers: Age of Ultron
87.3%
2016Captain America: Civil War
73.1%
2017Spider-Man: Homecoming
71.2%
2008Tropic Thunder
65%
2010Iron Man 2
61.6%
2020Dolittle
58%
2011Sherlock Holmes: A Game of Shadows
57.2%
1992Chaplin
54.9%
2009Sherlock Holmes
47.6%
2014The Judge
44.4%
2005Kiss Kiss Bang Bang
36.9%
2007Zodiac
28.5%
2010Due Date
27.4%
1987Less Than Zero
27.2%
1985Weird Science
27.1%
2009The Soloist
26%
1998U.S. Marshals
26%
2014Chef
23.7%
1994Natural Born Killers
19.8%
1986Back to School
19.2%
1990Air America
18.2%
2006A Scanner Darkly
17.6%
2003Gothika
17.2%
2007Charlie Bartlett
16.8%
2000Wonder Boys
15.8%
2006The Shaggy Dog
15.7%
1987The Pick-up Artist
15.6%
2003The Singing Detective
15.6%
1993Heart and Souls
14.3%
1994Only You
14.2%
1989Chances Are
13.3%
Year Movie % Correct
1997Two Girls and a Guy
13.2%
2005Good Night, and Good Luck
12.6%
1970Pound
12.4%
1991Soapdish
12.3%
1988Johnny Be Good
12.3%
1995Home for the Holidays
12%
2006A Guide to Recognizing Your Saints
12%
2006Fur: An Imaginary Portrait of Diane Arbus
11.7%
1999Bowfinger
11.2%
1995Restoration
10.7%
1999In Dreams
10.1%
1995Richard III
10%
2007Lucky You
9.6%
19881969
9.2%
1993Short Cuts
9%
1999Black and White
9%
1985Tuff Turf
8.5%
1998The Gingerbread Man
8.5%
2005Game 6
8.2%
2004Eros
8%
1989True Believer
8%
1997One Night Stand
7.7%
1997Hugo Pool
7.7%
1999Friends & Lovers
7.6%
1984Firstborn
7.5%
1983Baby It's You
7.3%
1986America
7.3%
1988Rented Lips
6.8%
1994Hail Caesar
6.7%
1997Danger Zone
6.4%
1989That's Adequate
6.3%
1991Too Much Sun
6.3%
2002Lethargy
6.1%
2003Whatever We Do
6%
2000Auto Motives
5.7%

From the Vault

Logos Through The Ages: Microsoft Word

by WillieG

Even Microsoft Word went through the crazy college years.
Remove Ads.
Support Sporcle.
Get the best of Sporcle when you Go Orange. This ad-free experience offers more features, more stats, and more fun while also helping to support Sporcle. Thank you for becoming a member.

Show Comments

Extras

Top Quizzes Today


Score Distribution

Your Account Isn't Verified!

In order to create a playlist on Sporcle, you need to verify the email address you used during registration. Go to your Sporcle Settings to finish the process.

Report this User

Report this user for behavior that violates our Community Guidelines.

Details: